000 00636cam a22002293a 4500
001 29097
003 PGUSA
005 20140828083629.0
008 090611s2009||||xxu|||||s|||||000 | eng d
040 _aPGUSA
_beng
042 _adc
050 4 _aBF
100 1 _aFreud, Sigmund,
_d1856-1939
245 1 0 _aEine Schwierigkeit der Psychoanalyse
_h[electronic resource] /
_cSigmund Freud
260 _bProject Gutenberg,
_c2009
506 _aPublic domain in the USA.
516 _aElectronic text
653 _aPsychoanalysis
830 0 _aProject Gutenberg
_v29097
856 4 0 _uhttp://www.gutenberg.org/ebooks/29097
942 _cEB
999 _c258352
_d258352